000 00590cam a2200217 4500
008 000000n2000 000 0 eng u
020 _a0860178390
035 _a(Sirsi) u110182
050 _a333.337
100 _aBewley, R.J.F
245 _aChromium contamination field and laboratory remediation trials.
260 _aLondon
_bCIRIA
_c2000
300 _a110p. ; 30cm.
490 _aProject Report
_v39
650 _aCONTAMINATED LAND
650 _aCONTAMINATED WASTE
690 _aENVIRONMENT-CONTAMINATION
700 _aJeffries, R.
700 _aBradley, J.
942 _n0
999 _c101070
_d101070